| 000 | 00604nam a2200217Ia 4500 | ||
|---|---|---|---|
| 001 | 1567 | ||
| 003 | GE_BSU | ||
| 008 | 181216s||||||||xx |||||||||||||| ||und|| | ||
| 040 | _cGE_BSU | ||
| 080 | _a539.371+539.374 | ||
| 100 | _aВольмир,А.С. | ||
| 245 | _aУстойчивость деформируемых систем. | ||
| 250 | _aИзд 2-ое, перераб. и доп. | ||
| 260 | _aМ. | ||
| 260 | _bНаука. | ||
| 260 | _c1967. | ||
| 300 | _a984стр.21см. | ||
| 541 | _h15л. | ||
| 653 | _aУстойчивость деформируемых систем. | ||
| 942 | _cBK | ||
| 999 |
_c35694 _d35694 |
||